000 00345 a2200109 4500
001 ART_7227
005 20260410161700.0
008 260409a
245 1 0 _aModelos de Equilibrio General Dinámico y Estocástico (EDGE)
100 1 _aEscudé, Guillermo J.
773 0 _tEnsayos Económicos
_g- Nº 59 (jul./sep. 2010)
_wREV620
999 _c15073
_d15073